URBAN PATTERN CITY PLANNIG AND DESIGN 5TH ED (Record no. 932535)

MARC details
000 -LEADER
fixed length control field 00271nam a2200109Ia 4500
008 - FIXED-LENGTH DATA ELEMENTS--GENERAL INFORMATION
fixed length control field 231107s1986 xx 000 0 und d
041 ## - LANGUAGE CODE
Language code of text/sound track or separate title eng
100 ## - MAIN ENTRY--PERSONAL NAME
Personal name GALLION A B
245 ## - TITLE STATEMENT
Title URBAN PATTERN CITY PLANNIG AND DESIGN 5TH ED
260 ## - PUBLICATION, DISTRIBUTION, ETC.
Place of publication, distribution, etc. UK
Name of publisher, distributor, etc. C B C
Date of publication, distribution, etc. 1986
300 ## - PHYSICAL DESCRIPTION
Extent 643
Holdings
Withdrawn status Lost status Damaged status Not for loan Home library Current library Date acquired Cost, normal purchase price Total Checkouts Barcode Date last seen Price effective from Koha item type
        College of Architecture, Navi Mumbai College of Architecture, Navi Mumbai 08/11/2023 472.00   ARM-A-10864 08/11/2023 08/11/2023 Book